| 000 | 00900nam a2200253Ia 4500 | ||
|---|---|---|---|
| 003 | OSt | ||
| 005 | 20240530115119.0 | ||
| 008 | 210719s2020 xx 000 0 und d | ||
| 020 | _a978-81-944839-2-2 | ||
| 040 | _cAL | ||
| 041 | _aKonkani | ||
| 082 | _a891.461 QUAM | ||
| 100 |
_aQUADROS (Valley) _9124082 _dವಲ್ಲಿ ಕ್ವಾಡ್ರಸ್ |
||
| 245 |
_aMailafatar _bಮಯ್ಲಾಫಾತರ್ |
||
| 260 |
_aMangaluru _c2020 |
||
| 300 |
_a140 _bPB |
||
| 365 |
_b200 _cRs |
||
| 520 | _arashtriya mattachyon 27 venchik konkni kavita : ರಾಷ್ಟೀಯ ಮಟ್ಟಾಂಚೊ 27 ವೆಂಚಿಕ್ ಕೊಂಕ್ಣಿ ಕವಿತಾ | ||
| 650 |
_aKonkani Literature _9124083 |
||
| 650 |
_aKonkani Poetry _9124084 |
||
| 700 |
_aKVADRAS (Valli) Ed; _9168335 |
||
| 906 | _a27 ; kavita ; konkni ; Mailafatar: ; mattachyon ; rashtriya ; venchik | ||
| 942 |
_2ddc _cBK |
||
| 999 |
_c211717 _d211717 |
||